000 01146nam a22002417a 4500
001 57821
003 BD-RjUL
005 20211212154647.0
008 161212s2007 bg a|||| |b|| 00| 0 ben d
020 _c: Tk. 100.00
035 _a(BD-RjUL)57821
040 _aBD-RjUL
_beng
_cBD-RjUL
041 _aben
082 _223
_a354.095492
_bSAA 2007
100 1 _aসালেহ্উদ্দিন, সৈয়দ জাভেদ
_9171712
245 1 0 _aআমলাতন্ত্র ও প্রতিনিধিত্বশীল সরকার ব্যবস্থা :
_bপরিপ্রেক্ষিত বাংলাদেশ /
_cসৈয়দ জাভেদ সালেহ্উদ্দিন.
260 _aঢাকা :
_bবাংলাদেশ ল'বুক সেন্টার,
_c২০০৭.
300 _a[৮], ১৬৪ পৃ. :
_bচিত্রাবলী ;
_c২০ সেমি.
504 _aগ্রন্থপঞ্জী অন্তর্ভুক্ত
650 _aআমলাতন্ত্র
_zবাংলাদেশ
_9171713
650 _aBureaucracy
_zBangladesh
_9171714
942 _2ddc
_cBK
999 _c57821
_d57821